000 01347cam a22003494a 4500
999 _c26039
_d26039
001 15022431
003 OSt
005 20170201163940.0
008 070924s2009 caua 000 0 eng
010 _a 2007039454
020 _a9780321505972
020 _a0321505972
035 _a(DNLM)101317129
040 _aDNLM/DLC
_cDLC
_dDLC
042 _apcc
050 0 0 _aREF QM286 2009
060 1 0 _aQS 17
_bM386m 2009
082 0 0 _a611
_222
100 1 _aMartini, Frederic.
_d2009
245 1 0 _aMartini's atlas of the human body /
_cby Frederic H. Martini ; with William C. Ober, art coordinator and illustrator ... [et al.].
246 3 0 _aAtlas of the human body
250 _a8th ed.
260 _aSan Francisco :
_bPearson Benjamin Cummings,
_c2009.
300 _avii, 151 p. :
_bill. (some col.) ;
_c28 cm.
650 0 _aHuman anatomy
_vAtlases.
650 1 2 _aAnatomy
_vAtlases.
650 2 2 _aPhysiology
_vAtlases.
700 1 _aOber, William C.
856 4 1 _3Table of contents only
_uhttp://www.loc.gov/catdir/toc/ecip081/2007039454.html
906 _a7
_bcbc
_corignew
_d1
_eecip
_f20
_gy-gencatlg
942 _2lcc
_cBOOKS
_hREF QM286 2009
_k31994